000
00208 a2200097 4500
001
18146
100
_a
Siddiqui, S A
245
_a
Nazari-0-Amali Maashial
260
_a
_b
Orient Pub
_c
090
_c
13440
_d
13440
942
_a
NUST-CAE
_c
M
_c
3826
999
_c
253219
_d
253219